00527nam a2200193 a 4500001001300000003000900013005001700022008004100039020001000080082001800090100002500108245004700133260004800180300000900228500003500237505001700272650001900289700002500308nice12345678IN_TiNIC20260116011757.0050524s1950 jaba grp 000 0 eng  ac10000a230.0954bIMM aImmanuel, Rajappan D aInfluence of Hinduism on Indian Christians aJabalpurbLeonard Theological Collegec1950 a219p aincludes index and biblioraphy2 abibliography aTheology-India1 aImmanuel, Rajappan D